| 000 | 00000nam##2200000za#4500 |
| 001 | 9.573873 |
| 003 | CaOODSP |
| 005 | 20210624183917 |
| 007 | cr ||||||||||| |
| 008 | 150406|1993||||xxc|||||o f|0| 0 eng|d |
| 022 | |a1488-5379 |
| 040 | |aCaOODSP|beng |
| 043 | |an-cn--- |
| 086 | 1 |aFs97-6/1910E-PDF |
| 110 | 1 |aCanada. |bDepartment of Fisheries and Oceans. |bCentral and Arctic Region. |
| 245 | 12|aA fishery development strategy for the Canadian Beaufort Sea-Amundsen Gulf area / |h[electronic resource]|cby D.B. Stewart ... [et al.] ; prepared for the Fisheries Joint Management Committee. |
| 260 | |aWinnipeg - Manitoba : |bFisheries and Oceans Canada. |c1993. |
| 300 | |a135p.|bfigs., graph, map, references, tables |
| 490 | 1 |aCanadian technical report of fisheries and aquatic sciences|x1488-5379|vNo. 1910 |
| 500 | |aThe catalogue number (Fs97-6/1910E) and ISSN (0706-6457) for the print edition have been incorrectly copied in this electronic publication. |
| 546 | |a(Résumé en français) |
| 590 | |a12-22-Supp|b2012-05-24 |
| 710 | 2 |aFisheries Joint Managememt Committee. |
| 720 | 1 |aStewart, D. B. |
| 776 | 0#|tA fishery development strategy for the Canadian Beaufort Sea-Amundsen Gulf area / |w(CaOODSP)9.611275 |
| 830 | #0|aCanadian technical report of fisheries and aquatic sciences,|x1488-5379|vNo. 1910|w(CaOODSP)9.504449 |
| 856 | 40|ahttp://publications.gc.ca|qPDF|s7.34 MB|uhttps://publications.gc.ca/collections/collection_2012/mpo-dfo/Fs97-6-1910-eng.pdf|yNo. 1910 |